| 000 | 00471nam a2200181Ia 4500 | ||
|---|---|---|---|
| 003 | GCL | ||
| 008 | 140319s9999 xx 000 0 eng d | ||
| 040 |
_aGCL / _cGCL |
||
| 082 | 0 | 4 |
_a741.60688 _bE B |
| 100 | 1 | _aEVANS, POPPY | |
| 245 | 1 | 0 |
_aTHE BEST SEASONAL PROMOTIONS / _cEVANS, POPPY |
| 260 |
_a[S.N] : _bNORTH LIGHT BOOKS ، _c1997 |
||
| 300 | _a199 P | ||
| 650 | 0 | 4 | _aGRAPHIC ARTS - U.S.A |
| 650 | 0 | 4 | _aARTS |
| 650 | 0 | 4 | _aCOMMERCIAL ART - U.S.A |
| 942 |
_2ddc _cBK |
||
| 999 |
_c22287 _d22287 |
||